[Event "ODJM B 2024"]
[Site "Willingen GER"]
[Date "2024.05.19"]
[Round "2"]
[White "Borgert, Alexander"]
[Black "Meyer, Henry Paul"]
[Result "1/2-1/2"]
[Termination "normal"]
[Board "11"]
[WhiteElo "1683"]
[BlackElo "1718"]
[WhiteClock "00:07:28"]
[BlackClock "00:23:35"]
[PlyCount "62"]
[WhiteFideId "16289188"]
[BlackFideId "34645802"]
[EventCountry "GER"]
[EventRounds "9"]
[EventType "swiss"]
[EventDate "2024.05.18"]

1. d4 {[%clk 01:30:57]} {[%emt 00:00:02]} Nf6 {[%clk 01:30:54]} {[%emt
00:00:06]} 2. c4 {[%clk 01:31:17]} {[%emt 00:00:10]} c5 {[%clk 01:31:14]}
{[%emt 00:00:10]} 3. d5 {[%clk 01:31:41]} {[%emt 00:00:06]} e6 {[%clk
01:31:32]} {[%emt 00:00:12]} 4. Nc3 {[%clk 01:30:44]} {[%emt 00:01:27]} exd5
{[%clk 01:31:55]} {[%emt 00:00:07]} 5. cxd5 {[%clk 01:31:10]} {[%emt 00:00:04]}
d6 {[%clk 01:32:17]} {[%emt 00:00:08]} 6. Nf3 {[%clk 01:30:57]} {[%emt
00:00:43]} g6 {[%clk 01:32:22]} {[%emt 00:00:25]} 7. Bf4 {[%clk 01:29:26]}
{[%emt 00:02:01]} a6 {[%clk 01:32:06]} {[%emt 00:00:46]} 8. a4 {[%clk
01:29:02]} {[%emt 00:00:54]} Bg7 {[%clk 01:32:06]} {[%emt 00:00:29]} 9. Qd2
{[%clk 01:26:27]} {[%emt 00:03:06]} O-O {[%clk 01:31:35]} {[%emt 00:01:01]} 10.
Bh6 {[%clk 01:25:54]} {[%emt 00:01:02]} Re8 {[%clk 01:27:01]} {[%emt 00:05:05]}
11. Bxg7 {[%clk 01:24:47]} {[%emt 00:01:36]} Kxg7 {[%clk 01:26:58]} {[%emt
00:00:34]} 12. e3 {[%clk 01:24:35]} {[%emt 00:00:42]} Bg4 {[%clk 01:24:26]}
{[%emt 00:03:01]} 13. Be2 {[%clk 01:23:19]} {[%emt 00:01:46]} Nbd7 {[%clk
01:21:41]} {[%emt 00:03:16]} 14. h3 {[%clk 01:21:46]} {[%emt 00:02:03]} Bxf3
{[%clk 01:19:32]} {[%emt 00:02:39]} 15. gxf3 {[%clk 01:16:23]} {[%emt
00:05:52]} Rb8 {[%clk 01:14:48]} {[%emt 00:05:11]} 16. a5 {[%clk 01:15:39]}
{[%emt 00:01:18]} Qe7 {[%clk 01:12:28]} {[%emt 00:02:48]} 17. Ra4 {[%clk
01:02:44]} {[%emt 00:13:26]} h6 {[%clk 00:58:06]} {[%emt 00:14:52]} 18. Rg1
{[%clk 00:51:56]} {[%emt 00:11:18]} Nf8 {[%clk 00:52:42]} {[%emt 00:05:54]} 19.
Qc2 {[%clk 00:33:50]} {[%emt 00:18:36]} Qd7 {[%clk 00:49:15]} {[%emt 00:03:53]}
20. Bf1 {[%clk 00:28:03]} {[%emt 00:06:21]} b5 {[%clk 00:44:42]} {[%emt
00:05:03]} 21. axb6 {[%clk 00:27:53]} {[%emt 00:00:41]} Rxb6 {[%clk 00:44:53]}
{[%emt 00:00:18]} 22. Rxa6 {[%clk 00:19:50]} {[%emt 00:08:34]} Rxa6 {[%clk
00:45:04]} {[%emt 00:00:18]} 23. Bxa6 {[%clk 00:20:12]} {[%emt 00:00:08]} Qxh3
{[%clk 00:44:50]} {[%emt 00:00:44]} 24. Rg3 {[%clk 00:20:10]} {[%emt 00:00:31]}
Qh1+ {[%clk 00:42:14]} {[%emt 00:03:06]} 25. Bf1 {[%clk 00:20:13]} {[%emt
00:00:27]} Ra8 {[%clk 00:34:27]} {[%emt 00:08:17]} 26. Qc1 {[%clk 00:17:17]}
{[%emt 00:03:28]} Qh5 {[%clk 00:30:31]} {[%emt 00:04:24]} 27. Qd1 {[%clk
00:12:51]} {[%emt 00:04:58]} N8d7 {[%clk 00:28:10]} {[%emt 00:02:49]} 28. f4
{[%clk 00:10:02]} {[%emt 00:03:20]} Qxd1+ {[%clk 00:27:02]} {[%emt 00:01:38]}
29. Kxd1 {[%clk 00:10:28]} {[%emt 00:00:04]} Nb6 {[%clk 00:26:29]} {[%emt
00:01:00]} 30. Bg2 {[%clk 00:09:04]} {[%emt 00:01:56]} Na4 {[%clk 00:24:16]}
{[%emt 00:02:42]} 31. Kc2 {[%clk 00:07:28]} {[%emt 00:02:09]} Nxc3 {[%clk
00:23:35]} {[%emt 00:01:11]} 1/2-1/2

[Event "ODJM B 2024"]
[Site "Willingen GER"]
[Date "2024.05.19"]
[Round "2"]
[White "Ott, Claudius"]
[Black "Wildermuth, Nikolas Karl"]
[Result "0-1"]
[Termination "normal"]
[Board "12"]
[WhiteElo "1674"]
[BlackElo "1777"]
[WhiteClock "00:31:41"]
[BlackClock "00:20:07"]
[PlyCount "108"]
[WhiteFideId "34621024"]
[BlackFideId "16244699"]
[EventCountry "GER"]
[EventRounds "9"]
[EventType "swiss"]
[EventDate "2024.05.18"]

1. e4 {[%clk 01:30:55]} {[%emt 00:00:05]} c5 {[%clk 01:30:34]} {[%emt
00:00:26]} 2. Nf3 {[%clk 01:31:15]} {[%emt 00:00:10]} a6 {[%clk 01:30:54]}
{[%emt 00:00:12]} 3. c3 {[%clk 01:31:31]} {[%emt 00:00:13]} e6 {[%clk
01:28:56]} {[%emt 00:02:28]} 4. d4 {[%clk 01:30:36]} {[%emt 00:01:25]} d5
{[%clk 01:29:12]} {[%emt 00:00:13]} 5. exd5 {[%clk 01:30:10]} {[%emt 00:00:57]}
exd5 {[%clk 01:29:34]} {[%emt 00:00:09]} 6. Bd3 {[%clk 01:28:23]} {[%emt
00:02:16]} c4 {[%clk 01:29:09]} {[%emt 00:00:55]} 7. Bc2 {[%clk 01:28:36]}
{[%emt 00:00:17]} Nf6 {[%clk 01:27:14]} {[%emt 00:02:24]} 8. O-O {[%clk
01:27:31]} {[%emt 00:01:36]} Be7 {[%clk 01:26:58]} {[%emt 00:00:46]} 9. Re1
{[%clk 01:25:53]} {[%emt 00:02:08]} Bg4 {[%clk 01:24:20]} {[%emt 00:03:08]} 10.
Nbd2 {[%clk 01:25:04]} {[%emt 00:01:19]} O-O {[%clk 01:12:43]} {[%emt
00:12:06]} 11. Nf1 {[%clk 01:20:06]} {[%emt 00:05:29]} Nc6 {[%clk 01:10:06]}
{[%emt 00:03:07]} 12. h3 {[%clk 01:17:40]} {[%emt 00:02:54]} Bh5 {[%clk
01:08:20]} {[%emt 00:02:17]} 13. Ng3 {[%clk 01:16:01]} {[%emt 00:02:09]} Bg6
{[%clk 01:07:40]} {[%emt 00:01:10]} 14. Bxg6 {[%clk 01:14:16]} {[%emt
00:02:15]} hxg6 {[%clk 01:07:48]} {[%emt 00:00:22]} 15. Bg5 {[%clk 01:11:49]}
{[%emt 00:02:55]} Bd6 {[%clk 01:04:17]} {[%emt 00:04:03]} 16. Ne5 {[%clk
01:08:49]} {[%emt 00:03:31]} Qc7 {[%clk 00:59:22]} {[%emt 00:05:25]} 17. Bxf6
{[%clk 01:05:35]} {[%emt 00:03:43]} gxf6 {[%clk 00:59:27]} {[%emt 00:00:25]}
18. Nxc6 {[%clk 01:05:58]} {[%emt 00:00:08]} bxc6 {[%clk 00:59:09]} {[%emt
00:00:48]} 19. Nf1 {[%clk 01:02:31]} {[%emt 00:03:57]} Rab8 {[%clk 00:56:24]}
{[%emt 00:03:15]} 20. Rb1 {[%clk 01:01:33]} {[%emt 00:01:28]} Rb7 {[%clk
00:55:14]} {[%emt 00:01:40]} 21. Ne3 {[%clk 00:53:05]} {[%emt 00:08:58]} Rfb8
{[%clk 00:52:49]} {[%emt 00:02:55]} 22. Ng4 {[%clk 00:51:30]} {[%emt 00:02:04]}
f5 {[%clk 00:50:44]} {[%emt 00:02:35]} 23. Nf6+ {[%clk 00:50:37]} {[%emt
00:01:24]} Kf8 {[%clk 00:46:01]} {[%emt 00:05:13]} 24. Qd2 {[%clk 00:40:02]}
{[%emt 00:11:04]} Bf4 {[%clk 00:42:03]} {[%emt 00:04:28]} 25. Qe2 {[%clk
00:39:06]} {[%emt 00:01:26]} Qd8 {[%clk 00:39:39]} {[%emt 00:02:54]} 26. Qf3
{[%clk 00:35:21]} {[%emt 00:04:15]} Qxf6 {[%clk 00:35:45]} {[%emt 00:04:24]}
27. Qxf4 {[%clk 00:35:41]} {[%emt 00:00:10]} Kg7 {[%clk 00:35:18]} {[%emt
00:00:56]} 28. Re2 {[%clk 00:34:19]} {[%emt 00:01:53]} a5 {[%clk 00:33:34]}
{[%emt 00:02:15]} 29. Qe5 {[%clk 00:32:28]} {[%emt 00:02:20]} Qxe5 {[%clk
00:31:11]} {[%emt 00:02:54]} 30. dxe5 {[%clk 00:32:24]} {[%emt 00:00:34]} a4
{[%clk 00:25:42]} {[%emt 00:05:58]} 31. a3 {[%clk 00:30:52]} {[%emt 00:02:02]}
Kf8 {[%clk 00:23:48]} {[%emt 00:02:24]} 32. e6 {[%clk 00:29:16]} {[%emt
00:02:07]} Re7 {[%clk 00:22:29]} {[%emt 00:01:49]} 33. Rbe1 {[%clk 00:28:45]}
{[%emt 00:00:59]} Rbe8 {[%clk 00:19:11]} {[%emt 00:03:50]} 34. exf7 {[%clk
00:28:37]} {[%emt 00:00:38]} Rxe2 {[%clk 00:18:11]} {[%emt 00:01:30]} 35.
fxe8=Q+ {[%emt 00:00:12]} Rxe8 {[%clk 00:18:37]} {[%emt 00:00:03]} 36. Rxe8+
{[%clk 00:28:49]} {[%emt 00:00:37]} Kxe8 {[%clk 00:19:00]} {[%emt 00:00:07]}
37. f4 {[%clk 00:28:56]} {[%emt 00:00:23]} c5 {[%clk 00:18:34]} {[%emt
00:00:56]} 38. Kf2 {[%clk 00:28:54]} {[%emt 00:00:31]} d4 {[%clk 00:18:41]}
{[%emt 00:00:23]} 39. g4 {[%clk 00:27:18]} {[%emt 00:02:06]} fxg4 {[%clk
00:18:48]} {[%emt 00:00:23]} 40. hxg4 {[%clk 00:27:44]} {[%emt 00:00:04]} Ke7
{[%clk 00:16:17]} {[%emt 00:03:01]} 41. f5 {[%clk 00:28:02]} {[%emt 00:00:12]}
gxf5 {[%clk 00:16:40]} {[%emt 00:00:07]} 42. gxf5 {[%clk 00:28:29]} {[%emt
00:00:03]} Kf6 {[%clk 00:16:53]} {[%emt 00:00:17]} 43. Kf3 {[%clk 00:28:38]}
{[%emt 00:00:21]} Kxf5 {[%clk 00:17:17]} {[%emt 00:00:06]} 44. Ke2 {[%clk
00:29:01]} {[%emt 00:00:07]} Ke4 {[%clk 00:17:42]} {[%emt 00:00:05]} 45. Kd2
{[%clk 00:29:08]} {[%emt 00:00:23]} Kf3 {[%clk 00:18:01]} {[%emt 00:00:11]} 46.
Kd1 {[%clk 00:29:04]} {[%emt 00:00:34]} Kf2 {[%clk 00:18:06]} {[%emt 00:00:24]}
47. Kd2 {[%clk 00:29:12]} {[%emt 00:00:23]} d3 {[%clk 00:18:01]} {[%emt
00:00:35]} 48. Kd1 {[%clk 00:29:35]} {[%emt 00:00:08]} Ke3 {[%clk 00:18:13]}
{[%emt 00:00:17]} 49. Ke1 {[%clk 00:30:01]} {[%emt 00:00:05]} d2+ {[%clk
00:18:32]} {[%emt 00:00:10]} 50. Kd1 {[%clk 00:30:24]} {[%emt 00:00:07]} Kd3
{[%clk 00:18:56]} {[%emt 00:00:06]} 51. b3 {[%clk 00:30:28]} {[%emt 00:00:27]}
axb3 {[%clk 00:19:21]} {[%emt 00:00:05]} 52. a4 {[%clk 00:30:52]} {[%emt
00:00:07]} b2 {[%clk 00:19:47]} {[%emt 00:00:03]} 53. a5 {[%clk 00:31:18]}
{[%emt 00:00:03]} b1=N {[%clk 00:20:12]} {[%emt 00:00:05]} 54. a6 {[%clk
00:31:41]} {[%emt 00:00:08]} Nxc3# {[%clk 00:20:07]} {[%emt 00:00:04]} 0-1

[Event "ODJM B 2024"]
[Site "Willingen GER"]
[Date "2024.05.19"]
[Round "2"]
[White "Seifert, Hendrik"]
[Black "Lieb, Max"]
[Result "1-0"]
[Termination "normal"]
[Board "13"]
[WhiteElo "1748"]
[BlackElo "1662"]
[WhiteClock "00:24:56"]
[BlackClock "00:13:46"]
[PlyCount "39"]
[WhiteFideId "16241193"]
[BlackFideId "34630651"]
[EventCountry "GER"]
[EventRounds "9"]
[EventType "swiss"]
[EventDate "2024.05.18"]

1. e4 {[%clk 01:30:55]} {[%emt 00:00:04]} c5 {[%clk 01:30:52]} {[%emt
00:00:09]} 2. c3 {[%clk 01:30:59]} {[%emt 00:00:17]} d5 {[%clk 01:31:12]}
{[%emt 00:00:19]} 3. exd5 {[%clk 01:31:20]} {[%emt 00:00:09]} Qxd5 {[%clk
01:31:36]} {[%emt 00:00:06]} 4. d4 {[%clk 01:31:40]} {[%emt 00:00:10]} Nf6
{[%clk 01:32:00]} {[%emt 00:00:06]} 5. Nf3 {[%clk 01:31:52]} {[%emt 00:00:18]}
Nc6 {[%clk 01:32:21]} {[%emt 00:00:09]} 6. Be2 {[%clk 01:31:09]} {[%emt
00:01:12]} cxd4 {[%clk 01:30:43]} {[%emt 00:02:08]} 7. cxd4 {[%clk 01:29:32]}
{[%emt 00:02:07]} e6 {[%clk 01:28:04]} {[%emt 00:03:10]} 8. Nc3 {[%clk
01:26:43]} {[%emt 00:03:19]} Bb4 {[%clk 01:21:41]} {[%emt 00:06:53]} 9. O-O
{[%clk 01:21:55]} {[%emt 00:05:16]} Bxc3 {[%clk 01:21:52]} {[%emt 00:00:21]}
10. bxc3 {[%clk 01:22:16]} {[%emt 00:00:09]} O-O {[%clk 01:21:52]} {[%emt
00:00:30]} 11. Be3 {[%clk 01:17:54]} {[%emt 00:04:51]} b5 {[%clk 00:56:49]}
{[%emt 00:25:34]} 12. a4 {[%clk 01:10:35]} {[%emt 00:07:49]} Ne4 {[%clk
00:43:05]} {[%emt 00:14:13]} 13. Qc2 {[%clk 01:02:05]} {[%emt 00:09:00]} Nd6
{[%clk 00:31:11]} {[%emt 00:12:24]} 14. Nd2 {[%clk 00:46:44]} {[%emt 00:15:50]}
Bb7 {[%clk 00:23:06]} {[%emt 00:08:36]} 15. Bf3 {[%clk 00:42:13]} {[%emt
00:05:01]} Qf5 {[%clk 00:22:50]} {[%emt 00:00:46]} 16. Qxf5 {[%clk 00:42:00]}
{[%emt 00:00:43]} exf5 {[%clk 00:22:49]} {[%emt 00:00:31]} 17. axb5 {[%clk
00:34:29]} {[%emt 00:08:02]} Nxb5 {[%clk 00:22:51]} {[%emt 00:00:28]} 18. c4
{[%clk 00:32:12]} {[%emt 00:02:46]} Nc7 {[%clk 00:19:23]} {[%emt 00:03:59]} 19.
Rfb1 {[%clk 00:24:56]} {[%emt 00:07:45]} Rab8 {[%clk 00:13:46]} {[%emt
00:06:07]} 20. d5 {[%emt 00:04:23]} 1-0

[Event "ODJM B 2024"]
[Site "Willingen GER"]
[Date "2024.05.19"]
[Round "2"]
[White "Neumeier, Konstantin"]
[Black "Eitel, Luc"]
[Result "1/2-1/2"]
[Termination "normal"]
[Board "14"]
[WhiteElo "1710"]
[BlackElo "1734"]
[WhiteClock "01:08:14"]
[BlackClock "01:00:32"]
[PlyCount "41"]
[WhiteFideId "34608230"]
[BlackFideId "16299728"]
[EventCountry "GER"]
[EventRounds "9"]
[EventType "swiss"]
[EventDate "2024.05.18"]

1. e4 {[%clk 01:30:58]} {[%emt 00:00:02]} c5 {[%clk 01:30:57]} {[%emt
00:00:03]} 2. c3 {[%clk 01:31:20]} {[%emt 00:00:08]} Nf6 {[%clk 01:31:23]}
{[%emt 00:00:04]} 3. e5 {[%clk 01:31:43]} {[%emt 00:00:08]} Nd5 {[%clk
01:31:48]} {[%emt 00:00:04]} 4. d4 {[%clk 01:32:06]} {[%emt 00:00:08]} cxd4
{[%clk 01:32:12]} {[%emt 00:00:06]} 5. cxd4 {[%clk 01:32:31]} {[%emt 00:00:05]}
e6 {[%clk 01:32:34]} {[%emt 00:00:07]} 6. Nf3 {[%clk 01:32:55]} {[%emt
00:00:06]} d6 {[%clk 01:31:24]} {[%emt 00:01:40]} 7. Bg5 {[%clk 01:26:55]}
{[%emt 00:06:30]} Be7 {[%clk 01:30:22]} {[%emt 00:01:32]} 8. Bxe7 {[%clk
01:26:34]} {[%emt 00:00:51]} Qxe7 {[%clk 01:29:49]} {[%emt 00:01:02]} 9. Bb5+
{[%clk 01:26:46]} {[%emt 00:00:19]} Bd7 {[%clk 01:29:16]} {[%emt 00:01:03]} 10.
Bxd7+ {[%clk 01:24:48]} {[%emt 00:02:28]} Nxd7 {[%clk 01:29:06]} {[%emt
00:00:40]} 11. Nbd2 {[%clk 01:24:52]} {[%emt 00:00:25]} O-O {[%clk 01:28:28]}
{[%emt 00:01:09]} 12. O-O {[%clk 01:25:11]} {[%emt 00:00:12]} Rac8 {[%clk
01:27:35]} {[%emt 00:01:22]} 13. Ne4 {[%clk 01:25:11]} {[%emt 00:00:28]} dxe5
{[%clk 01:26:52]} {[%emt 00:01:15]} 14. dxe5 {[%clk 01:25:28]} {[%emt
00:00:13]} N7b6 {[%clk 01:18:06]} {[%emt 00:09:13]} 15. Nd6 {[%clk 01:22:15]}
{[%emt 00:03:47]} Rcd8 {[%clk 01:14:25]} {[%emt 00:03:52]} 16. Re1 {[%clk
01:21:39]} {[%emt 00:01:25]} Nc8 {[%clk 01:11:15]} {[%emt 00:03:40]} 17. Nxc8
{[%clk 01:18:10]} {[%emt 00:03:58]} Rxc8 {[%clk 01:08:36]} {[%emt 00:03:10]}
18. Nd4 {[%clk 01:12:55]} {[%emt 00:05:42]} Rfd8 {[%clk 01:05:54]} {[%emt
00:03:14]} 19. Qf3 {[%clk 01:10:52]} {[%emt 00:02:30]} a6 {[%clk 01:04:03]}
{[%emt 00:02:24]} 20. Rac1 {[%clk 01:09:59]} {[%emt 00:01:23]} h6 {[%clk
01:00:32]} {[%emt 00:04:01]} 21. Nb3 {[%clk 01:08:14]} {[%emt 00:02:15]}
1/2-1/2

[Event "ODJM B 2024"]
[Site "Willingen GER"]
[Date "2024.05.19"]
[Round "2"]
[White "Klein, Raphael"]
[Black "Liang, Jiaxuan"]
[Result "0-1"]
[Termination "normal"]
[Board "15"]
[WhiteElo "1673"]
[BlackElo "1673"]
[WhiteClock "00:59:42"]
[BlackClock "00:55:31"]
[PlyCount "44"]
[WhiteFideId "16283791"]
[BlackFideId "34675205"]
[EventCountry "GER"]
[EventRounds "9"]
[EventType "swiss"]
[EventDate "2024.05.18"]

1. d4 {[%clk 01:30:58]} d5 {[%clk 01:30:55]} {[%emt 00:00:06]} 2. Nf3 {[%clk
01:31:25]} {[%emt 00:00:03]} e6 {[%clk 01:30:47]} {[%emt 00:00:39]} 3. g3
{[%clk 01:31:47]} {[%emt 00:00:07]} Nf6 {[%clk 01:30:58]} {[%emt 00:00:19]} 4.
Bg2 {[%clk 01:32:12]} {[%emt 00:00:05]} Be7 {[%clk 01:30:12]} {[%emt 00:01:15]}
5. O-O {[%clk 01:32:36]} {[%emt 00:00:06]} O-O {[%clk 01:30:08]} {[%emt
00:00:35]} 6. c4 {[%clk 01:32:54]} {[%emt 00:00:12]} c5 {[%clk 01:28:34]}
{[%emt 00:02:05]} 7. Qc2 {[%clk 01:29:10]} {[%emt 00:04:13]} Nc6 {[%clk
01:26:27]} {[%emt 00:02:37]} 8. dxc5 {[%clk 01:26:05]} {[%emt 00:03:34]} Qa5
{[%clk 01:20:00]} {[%emt 00:06:58]} 9. a3 {[%clk 01:21:10]} {[%emt 00:05:26]}
Qxc5 {[%clk 01:18:26]} {[%emt 00:02:03]} 10. b4 {[%clk 01:21:24]} {[%emt
00:00:17]} Qxc4 {[%clk 01:16:29]} {[%emt 00:02:27]} 11. Qxc4 {[%clk 01:21:48]}
{[%emt 00:00:05]} dxc4 {[%clk 01:16:54]} {[%emt 00:00:05]} 12. Bb2 {[%clk
01:21:14]} {[%emt 00:01:04]} Bd7 {[%clk 01:13:23]} {[%emt 00:04:01]} 13. Nbd2
{[%clk 01:21:07]} {[%emt 00:00:36]} b5 {[%clk 01:11:43]} {[%emt 00:02:12]} 14.
Ne5 {[%clk 01:12:32]} {[%emt 00:09:04]} Rac8 {[%clk 01:11:22]} {[%emt
00:00:51]} 15. Nxd7 {[%clk 01:10:07]} {[%emt 00:02:55]} Nxd7 {[%clk 01:10:05]}
{[%emt 00:01:47]} 16. Rfd1 {[%clk 01:09:31]} {[%emt 00:01:06]} Bf6 {[%clk
01:08:37]} {[%emt 00:01:59]} 17. Bxf6 {[%clk 01:08:26]} {[%emt 00:01:35]} Nxf6
{[%clk 01:08:03]} {[%emt 00:01:03]} 18. Rac1 {[%clk 01:03:04]} {[%emt
00:05:52]} Nd4 {[%clk 00:59:23]} {[%emt 00:09:10]} 19. Kf1 {[%clk 01:00:43]}
{[%emt 00:02:50]} Rfd8 {[%clk 00:56:59]} {[%emt 00:02:54]} 20. e3 {[%clk
01:00:20]} {[%emt 00:00:54]} Nc6 {[%clk 00:55:53]} {[%emt 00:01:36]} 21. Bxc6
{[%clk 00:59:26]} {[%emt 00:01:23]} Rxc6 {[%clk 00:55:15]} {[%emt 00:01:08]}
22. Nxc4 {[%clk 00:59:42]} {[%emt 00:00:14]} Rdc8 {[%clk 00:55:31]} {[%emt
00:00:15]} 0-1

[Event "ODJM B 2024"]
[Site "Willingen GER"]
[Date "2024.05.19"]
[Round "2"]
[White "Grunert, Heinrich"]
[Black "Wolterink, Jule"]
[Result "1/2-1/2"]
[Termination "normal"]
[Board "16"]
[WhiteElo "1668"]
[BlackElo "1728"]
[WhiteClock "00:51:06"]
[BlackClock "00:41:19"]
[PlyCount "48"]
[WhiteFideId "16213416"]
[BlackFideId "12981206"]
[EventCountry "GER"]
[EventRounds "9"]
[EventType "swiss"]
[EventDate "2024.05.18"]

1. e4 {[%clk 01:30:58]} {[%emt 00:00:02]} c5 {[%clk 01:30:51]} {[%emt
00:00:10]} 2. Nf3 {[%clk 01:31:17]} {[%emt 00:00:10]} Nc6 {[%clk 01:31:13]}
{[%emt 00:00:09]} 3. c3 {[%clk 01:31:28]} {[%emt 00:00:18]} g6 {[%clk
01:31:09]} {[%emt 00:00:35]} 4. d4 {[%clk 01:30:40]} {[%emt 00:01:17]} cxd4
{[%clk 01:31:03]} {[%emt 00:00:37]} 5. cxd4 {[%clk 01:30:38]} {[%emt 00:00:31]}
Nf6 {[%clk 01:29:57]} {[%emt 00:01:37]} 6. Nc3 {[%clk 01:29:21]} {[%emt
00:01:47]} d5 {[%clk 01:28:10]} {[%emt 00:02:17]} 7. Bd3 {[%clk 01:27:19]}
{[%emt 00:02:31]} dxe4 {[%clk 01:24:36]} {[%emt 00:04:04]} 8. Nxe4 {[%clk
01:26:45]} {[%emt 00:01:03]} Bg7 {[%clk 01:21:55]} {[%emt 00:03:12]} 9. O-O
{[%clk 01:23:53]} {[%emt 00:03:22]} O-O {[%clk 01:20:49]} {[%emt 00:01:36]} 10.
Nc3 {[%clk 01:20:10]} {[%emt 00:04:13]} Bg4 {[%clk 01:15:40]} {[%emt 00:05:39]}
11. h3 {[%clk 01:18:03]} {[%emt 00:02:37]} Be6 {[%clk 01:09:39]} {[%emt
00:06:31]} 12. Bb5 {[%clk 01:13:33]} {[%emt 00:05:00]} a6 {[%clk 01:00:15]}
{[%emt 00:09:54]} 13. Bxc6 {[%clk 01:13:01]} {[%emt 00:01:02]} bxc6 {[%clk
01:00:44]} {[%emt 00:00:02]} 14. Bf4 {[%clk 01:08:17]} {[%emt 00:05:13]} Nd5
{[%clk 00:55:26]} {[%emt 00:05:48]} 15. Nxd5 {[%clk 01:06:16]} {[%emt
00:02:31]} cxd5 {[%clk 00:55:11]} {[%emt 00:00:45]} 16. Qd2 {[%clk 01:05:25]}
{[%emt 00:01:21]} Qb6 {[%clk 00:54:05]} {[%emt 00:01:36]} 17. Bh6 {[%clk
01:04:20]} {[%emt 00:01:35]} Bf5 {[%clk 00:51:47]} {[%emt 00:02:49]} 18. Bxg7
{[%clk 01:03:41]} {[%emt 00:01:08]} Kxg7 {[%clk 00:52:05]} {[%emt 00:00:12]}
19. b3 {[%clk 01:00:58]} {[%emt 00:03:14]} Rfc8 {[%clk 00:50:23]} {[%emt
00:02:11]} 20. Rac1 {[%clk 01:00:20]} {[%emt 00:01:08]} Be4 {[%clk 00:48:33]}
{[%emt 00:02:20]} 21. Ng5 {[%clk 00:54:25]} {[%emt 00:06:25]} Bf5 {[%clk
00:45:35]} {[%emt 00:03:29]} 22. Rfe1 {[%clk 00:51:20]} {[%emt 00:03:34]} Rxc1
{[%clk 00:42:35]} {[%emt 00:03:30]} 23. Rxc1 {[%clk 00:51:14]} {[%emt
00:00:36]} h6 {[%clk 00:41:53]} {[%emt 00:01:13]} 24. Nf3 {[%clk 00:51:06]}
{[%emt 00:00:38]} a5 {[%clk 00:41:19]} {[%emt 00:01:04]} 1/2-1/2